000 00614cam a2200205 a 4500
999 _c6724
_d6724
001 1184
003 BD-DhUAP
005 20210106124732.0
008 201231s1991 bg abf b f000 0 eng
020 _a9840100246
040 _aBD-DhUAP
_cBD-DhUAP
_dBD-DhUAP
_bEng
082 _a330.95492 FOU
_223
245 _aThe fourth five year plan :
_b1990-95.
260 _aDhaka :
_bPlanning Commission,
_cc1995.
300 _avarious pages :
_billustrations ;
_c28 cm.
650 _aEconomic policy
_zBangladesh.
710 _aPlanning commission.
942 _2ddc
_cBK